| 000 | 00483nam a2200205Ia 4500 | ||
|---|---|---|---|
| 005 | 20250425161149.0 | ||
| 008 | 250425s9999 xx 000 0 und d | ||
| 020 | _a0470263377 | ||
| 041 | _aeng | ||
| 082 | _a553.7 | ||
| 100 | _aARMSTEAD, H. CHRISTOPHER H. | ||
| 245 | 0 | _aGEOTHERMAL ENERGY | |
| 250 | _a1ST ED. | ||
| 260 |
_aEstados Unidos _bE. & F.N. SPON _c1978 |
||
| 260 | _aNEW YORK | ||
| 300 | _a357 | ||
| 650 | _aENERGIA GEOTERMAL | ||
| 942 | _c01 | ||
| 010 | _a14116 | ||
| 999 |
_c203683 _d203683 |
||